MARC
| LEADER | 00000cam a2200000 7i4500 | ||
|---|---|---|---|
| 001 | 0000030736 | ||
| 005 | 20021119093000.0 | ||
| 008 | 021119n | ||
| 090 | 0 | 0 | |a DS597.215.K3 |b M3 |
| 100 | 0 | |a Maznan Nordin , |e author | |
| 245 | 0 | 0 | |a Kanang : |b cerita seorang pahlawan |c Maznan Nordin |
| 300 | |a xvi, 121 ms. ; ; |c 23 sm. | ||
| 999 | |a 1000057288 |b Book |c OPEN SHELF (30 DAYS) |e Gong Badak Campus | ||
| 999 | |a 1000079589 |b Book |c OPEN SHELF (30 DAYS) |e Gong Badak Campus | ||